|
|
|
|
| LEADER |
01109nam a2200313 a 4500 |
| 001 |
2441216 |
| 008 |
090726r20001988enk 000 0 eng d |
| 010 |
|
|
|a 88118781
|
| 020 |
|
|
|a 071363040X
|
| 020 |
|
|
|a 0393900452
|
| 040 |
|
|
|a DLC
|c DLC
|d DLC
|
| 082 |
0 |
0 |
|a 822/.8
|2 19
|
| 100 |
1 |
|
|a Wilde, Oscar,
|d 1854-1900.
|
| 245 |
1 |
4 |
|a The importance of being earnest /
|c Oscar Wilde ; edited by Russell Jackson.
|
| 260 |
|
|
|a London :
|b A &C Black, ;
|a New York :
|b W. W. Norton
|c c1988 [Reprinted 2000]
|
| 300 |
|
|
|a xlvi, 128 p. ;
|c 19 cm.
|
| 490 |
0 |
|
|a New Mermaids
|
| 500 |
|
|
|a Includes Bibliography (p. xlvii-xlviii)
|
| 541 |
1 |
|
|e 00013546
|
| 650 |
|
0 |
|a Identity (Psychology)
|v Drama.
|
| 650 |
|
0 |
|a Foundlings
|v Drama.
|
| 651 |
|
0 |
|a England
|v Drama.
|
| 655 |
|
7 |
|a Comedies.
|2 gsafd
|
| 700 |
1 |
|
|a Wilson, Robert.
|
| 700 |
1 |
|
|a Billington, Michael,
|d 1939-
|
| 852 |
4 |
|
|a Ayesha Abed Library
|j General shelf
|
| 942 |
0 |
0 |
|0 1
|
| 999 |
|
|
|c 7983
|d 7983
|
| 952 |
|
|
|0 0
|1 0
|2 ddc
|4 0
|6 822_800000000000000_WIL
|7 0
|9 9017
|a BRACUL
|b BRACUL
|c GEN
|d 2010-04-06
|g 831.00
|l 7
|m 71
|o 822.8 WIL
|p 3010013546
|r 2026-03-08
|s 2026-02-26
|t 1
|w 2010-04-06
|y BK
|